ბათუმის შოთა რუსთაველის სახელმწიფო უნივერსიტეტის ბიბლიოთეკა

კვალი ნათელი კაცისა : (ბიბ.ჩანაწერი № 59203)

000 -ლიდერი
ფიქსირებული სიგრძის საკონტროლო ველი 00979nam a22001817a 4500
003 - საკონტროლო ნომრის იდენტიფიკატორი
საკონტროლო ველი Ge_BSU
005 - ბოლო ოპერაციის თარიღი და დრო
საკონტროლო ველი 20221213145725.0
008 - ფიქსირებული სიგრძის მონაცემთა ელემენტები - ზოგადი ინფორმაცია
ფიქსირებული სიგრძის საკონტროლო ველი 221213s1984ge xxu||||| |||| 00| 0 geo d
041 ## - ენის კოდი
Language code of text/sound track or separate title geo
080 ## - უნივერსალური ათობითი კლასიფიკაციის ინდექსი
Universal Decimal Classification number 792.071(=353.1)(ალექსი-მესხიშვილი, ლ.) კ-31
100 ## - მთავარი ჩანაწერი - პიროვნების სახელი
Personal name კასრაძე, ოთარ, ავტ.
9 (RLIN) 16389
245 ## - ცნობა სათაურის შესახებ
Title კვალი ნათელი კაცისა :
Remainder of title [მსახიობ ლ. ალექსი-მესხიშვილის ცხოვრება და მოღვაწეობა] /
Statement of responsibility, etc ოთარ კასრაძე, რედ. გ.დოლიძე.
264 ## - წარმოების, გამოცემის, დისტრიბუციის და სხვა ცნობები
გამოცემის, წარმოების, დისტრიბუციის... ადგილი თბილისი :
გამოცემის, წარმოების, დისტრიბუციის... სახელწოდება ხელოვნება,
გამოცემის, წარმოების, დისტრიბუციის... თარიღი 1984.
300 ## - ფიზიკური აღწერა
Extent 288 გვ. :
Other physical details პორტრ. 1 ფ. ილ. 36 ფ.
Dimensions 22 სმ.
653 ## - INDEX TERM--UNCONTROLLED
Uncontrolled term ალექსი-მესხიშვილი, ლადო.
700 ## - ADDED ENTRY--PERSONAL NAME
Personal name დოლიძე, გ
Relator term რედაქტორი
9 (RLIN) 16390
942 ## - ADDED ENTRY ELEMENTS (KOHA)
Source of classification or shelving scheme
Koha item type წიგნი
ეგზემპლარები
ჩამოწერის სტატუსი დაკარგული ეგზემპლარის სტატუსი კლასიფიკაციის წყარო ან თაროზე გაწყობის სქემა დაზიანების სტატუსი არ გაიცემა მუდმივი მდებარეობა (დაცვის ადგილი) ამჟამინდელი ადგილსამყოფელი თაროზე განთავსების ადგილი შეძენის თარიღი ღირებულება, შესყიდვის ნორმალური ფასი სრული შენახვის შიფრი შტრიხკოდი ბოლო ოპერაციის თარიღი ეგზემპლარის მიმდევრობითი ნომერი (კეტერი?) ფასის ძალაში შესვლის თარიღი ეგზემპლარის სახეობა საჯარო შენიშვნა
          ბათუმის შოთა რუსთაველის სახელმწიფო უნივერსიტეტის მთავარი ბიბლიოთეკა ბათუმის შოთა რუსთაველის სახელმწიფო უნივერსიტეტის მთავარი ბიბლიოთეკა წიგნსაცავი 2022-12-13 7.00 792.071(=353.1)(ალექსი-მესხიშვილი, ლ.) კ-31 63289 2022-12-13 63289 2022-12-13 წიგნი 7.00